| 000 | 00352nam a22001457a 4500 | ||
|---|---|---|---|
| 020 | _a978-05-4502-136-4 | ||
| 082 |
_a823 _bSTI/G |
||
| 100 | _aSTILTON,GERONIMO | ||
| 245 | _aGERONIMOS VALENTINE | ||
| 246 |
_aGERONIMOS VALENTINE _bGERONIMOS VALENTINE |
||
| 260 |
_aLONDON _bSCHOLASTIC _c2023 |
||
| 300 | _a103 | ||
| 650 | _aENGLISH FICTION | ||
| 942 | _cBK | ||
| 999 |
_c9000 _d9000 |
||